| 000 | 00620nam a22002057a 4500 | ||
|---|---|---|---|
| 999 |
_c6125 _d6125 |
||
| 003 | AR-CdUCM | ||
| 008 | 190313b ||||| |||| 00| 0 spa d | ||
| 040 |
_aMUNICIPALIDAD PROVINCIAL DEL CUSCO _cBIBLIOTECA MUNICIPAL DEL CUSCO |
||
| 082 |
_a891.51 / _bD7 |
||
| 100 |
_aDostoiewski, Fedor _910349 |
||
| 245 | _aUn pequeño heroe ; Un trance dificil / | ||
| 260 |
_aSantiago de Chile : _bZig - Zag, _c1940. |
||
| 300 |
_a131 páginas ; _c18 cm. |
||
| 500 | _aDonación familia Nieto | ||
| 650 |
_aNovela _95 |
||
| 650 |
_aMadame Natalia M _917769 |
||
| 650 |
_aMonsieur N. _917770 |
||
| 942 |
_2ddc _cLIBROS |
||
| 945 | _aafb | ||